000 00793nam a2200253Ia 4500
003 OSt
005 20220928114157.0
006 a|||||r|||| 00| 0
007 ta
008 220927b |||||||| |||| 00| 0 eng d
020 _c1680.9947999999999
024 _a118409
037 _b275, 05/12/2013, Classic Book Service
_cTextual
040 _aSDCL
_cSDCL
_beng
041 _2eng
_aeng
082 _aY:77.2'P, Q2
100 _aClammer John
_9437326
245 0 _aCulture,development and social theory
_b Towards an integrated social development.
260 _aLondon
_bZed Books
_c2012
300 _aviii,291p.
_ccm.
650 _aPolitical Science
942 _hY:77.2'P, Q2
_cTEXL
_2CC
999 _c753276
_d753276